[Event "Zagreb op"]
[Site "Zagreb"]
[Date "1997.??.??"]
[Round "2"]
[White "Franic, Milan"]
[Black "Markic, Mario"]
[Result "1-0"]
[WhiteElo "2410"]
[BlackElo "2130"]

1.d4 Nf6 2.c4 g6 3.Nc3 Bg7 4.e4 d6 5.Nf3 O-O 6.Be2 e5 7.O-O Nc6 8.d5 Ne7
9.Bd2 Nd7 10.Rc1 h6 11.Ne1 f5 12.Nd3 f4 13.Bg4 Nf6 14.Bxc8 Rxc8 15.c5 g5
16.f3 h5 17.Qb3 b6 18.cxd6 cxd6 19.Nb5 a6 20.Na7 Rxc1 21.Rxc1 b5 22.Be1 g4
23.Nb4 Qd7 24.Nac6 Ra8 25.Nxe7+ Qxe7 26.Rc6 gxf3 27.gxf3 a5 28.Na6 b4 29.Nc7 Rb8
30.Ne6 Rb7 31.Qc2 Ne8 32.Kf1 Bf6 33.Qg2+ Kh7 34.Qh3 Kh6 35.Qf5 Rb8 36.Ke2 Ng7
37.Nxg7 Kxg7 38.Qxh5 Rh8 39.Qg4+ Kf7 40.h3 Rg8 41.Qh5+ Kg7 42.Bf2 Ra8 43.Bb6 Qf8
44.Rc7+ Be7 45.Qg5+ Kf7 46.Qf5+ Ke8 47.Qd7+ Kf7 48.Qxd6  1-0

[Event "Zagreb op"]
[Site "Zagreb"]
[Date "1997.??.??"]
[Round "6"]
[White "Kovacevic, Blazimir"]
[Black "Pecnik, Leo"]
[Result "1-0"]
[WhiteElo "2340"]
[BlackElo "2175"]

1.d4 Nf6 2.Nf3 g6 3.c4 Bg7 4.Nc3 O-O 5.e4 d6 6.Be2 e5 7.O-O Nc6 8.d5 Ne7
9.Ne1 Nd7 10.f3 f5 11.g4 Nf6 12.Be3 f4 13.Bf2 g5 14.c5 h5 15.h3 Ng6 16.cxd6 cxd6
17.Kg2 Kf7 18.Rc1 Bd7 19.Rh1 Rh8 20.Nd3 Nh4+ 21.Bxh4 gxh4 22.Nf2 Qb6 23.Qb3 hxg4
24.hxg4 Qe3 25.Rce1 Nxg4 26.Nxg4 Bxg4 27.Qxb7+ Kg6 28.Nd1 h3+ 29.Kf1 Qd2
30.Nf2 Bxf3 31.Bxf3 h2 32.Qd7 Raf8 33.Qg4+ Kf6 34.Qf5+ Ke7 35.Qe6+  1-0

[Event "Zagreb"]
[Site "Zagreb"]
[Date "1997.??.??"]
[Round "10"]
[White "Dumitrache, Dragos"]
[Black "Krstic, Uros"]
[Result "0-1"]
[WhiteElo "2495"]
[BlackElo "2270"]

1.d4 Nf6 2.c4 g6 3.Nc3 Bg7 4.e4 d6 5.Be2 O-O 6.Nf3 e5 7.O-O Nc6 8.d5 Ne7
9.b4 Nh5 10.Re1 h6 11.Nd2 Nf4 12.Bf1 f5 13.c5 dxc5 14.Bc4 Kh7 15.bxc5 b6
16.Ba3 c6 17.dxc6 Nxc6 18.Nd5 Re8 19.Rc1 Ne6 20.Bb5 Bd7 21.cxb6 axb6 22.Bxc6 Bxc6
23.Rxc6 Rxa3 24.Nc4 Rxa2 25.Qb1 Nd4 26.Rxg6 Re2 27.Rd6 Rxe1+ 28.Qxe1 Qg5
29.Kh1 b5 30.Nce3 f4 31.Nf5 Nxf5 32.exf5 Qxf5 33.f3 e4 34.fxe4 Rxe4 35.Qb1 f3
36.Rf6 f2 37.Ne3 Bxf6 38.g4 Qf3+  0-1

[Event "Weihnachts op-M 21th"]
[Site "Zuerich"]
[Date "1997.??.??"]
[Round "?"]
[White "Tukmakov, Vladimir B"]
[Black "Jenni, Florian"]
[Result "1-0"]
[WhiteElo "2575"]
[BlackElo "2260"]

1.d4 Nf6 2.Nf3 g6 3.c4 Bg7 4.Nc3 O-O 5.e4 d6 6.Be2 e5 7.O-O Nc6 8.d5 Ne7
9.b4 a5 10.Ba3 Nd7 11.bxa5 Rxa5 12.Bb4 Ra8 13.a4 Bh6 14.Nd2 f5 15.Bd3 Kh8
16.a5 Ng8 17.Nb3 fxe4 18.Nxe4 Ndf6 19.Ng3 Bf4 20.f3 Nh6 21.Bd2 Nh5 22.Ne2 Bxd2
23.Qxd2 Kg7 24.c5 Nf6 25.Bc4 Nf5 26.Nc3 dxc5 27.Nxc5 c6 28.Nb3 Nd6 29.Be2 c5
30.Na4 c4 31.Nb6 Rb8 32.Nc5 Qc7 33.Qb4 Bf5 34.Bxc4 Rbc8 35.Ne6+ Bxe6 36.dxe6 Qc5+
37.Qxc5 Rxc5 38.Rfc1 Re8 39.Bb3 Rb5 40.Ba4 Rxa5 41.Bxe8 Rxa1 42.Rxa1 Nfxe8
43.Nd5 Nc4 44.Ra8 Ned6 45.Rd8 g5 46.Rd7+ Kg6 47.Nc7  1-0

[Event "Ano Liosia op"]
[Site "Athens"]
[Date "1998.01.06"]
[Round "4"]
[White "Cvetkovic, Srdjan"]
[Black "Banikas, Hristos"]
[Result "1-0"]
[WhiteElo "2430"]
[BlackElo "2495"]

1.c4 g6 2.e4 Bg7 3.d4 d6 4.Nc3 Nf6 5.Nf3 O-O 6.Be2 e5 7.O-O Nc6 8.d5 Ne7
9.Bg5 Nd7 10.Nd2 f6 11.Bh4 h5 12.f3 Bh6 13.b4 f5 14.exf5 gxf5 15.f4 Bxf4
16.Rxf4 exf4 17.Bxh5 Nf6 18.Qe2 Kg7 19.Rf1 Ng6 20.Bxg6 Kxg6 21.Qf3 Qe7 22.Qxf4 Qe5
23.Qg5+ Kf7 24.Nb5 Rg8 25.Qxf6+ Qxf6 26.Bxf6 Kxf6 27.Nxc7 Rb8 28.Nb5 Rd8
29.Ne4+ Ke5 30.Nexd6 a6 31.Nf7+ Kf6 32.Nxd8 axb5 33.c5 Ra8 34.Nxb7 Bxb7 35.c6 Bc8
36.d6 Be6 37.Rd1 Kf7 38.h4 Rh8 39.h5 Ke8 40.h6 Rxh6 41.d7+ Bxd7 42.cxd7+ Kd8
43.Rd5 Ra6 44.Rxb5 Rxa2 45.Rxf5 Kxd7 46.Rf2 Ra1+ 47.Rf1  1-0

[Event "FIDE Journalists-ch"]
[Site "Lausanne"]
[Date "1998.01.08"]
[Round "1"]
[White "Bouton, Christophe"]
[Black "Gik, Evgeny"]
[Result "1-0"]
[WhiteElo "2210"]
[BlackElo "2350"]

1.d4 Nf6 2.c4 g6 3.Nc3 Bg7 4.e4 d6 5.Nf3 O-O 6.Be2 e5 7.O-O Nc6 8.d5 Ne7
9.b4 a5 10.bxa5 Rxa5 11.Nd2 Nd7 12.Nb3 Ra8 13.a4 f5 14.f3 Nf6 15.c5 Nh5 16.cxd6 cxd6
17.a5 Kh8 18.Be3 Ng8 19.Bb6 Qg5 20.Kh1 Nf4 21.g3 Nxe2 22.Qxe2 Bd7 23.Nd2 Bh6
24.Nc4 Qe7 25.Bc7 Rf6 26.Rab1 Be8 27.Rxb7 Rf7 28.Nb6 Rxa5 29.Nc8 Qd7 30.Nxd6 Rc5
31.Nxf7+ Bxf7 32.Bxe5+  1-0

[Event "FIDE Journalists-ch"]
[Site "Lausanne"]
[Date "1998.01.08"]
[Round "3"]
[White "Bouton, Christophe"]
[Black "Gik, Evgeny"]
[Result "1/2-1/2"]
[WhiteElo "2210"]
[BlackElo "2350"]

1.d4 Nf6 2.c4 g6 3.Nc3 Bg7 4.e4 d6 5.Nf3 O-O 6.Be2 e5 7.O-O Nc6 8.d5 Ne7
9.b4 Nh5 10.Re1 Nf4 11.Bf1 h6 12.c5 f5 13.Bxf4 exf4 14.e5 g5 15.exd6 cxd6
16.Nd4 dxc5 17.bxc5 Kh8 18.d6 Ng6 19.Nd5 Bd7 20.Rc1 Rc8 21.Ne7 Qe8 22.Nexf5 Qf7
23.Nxg7 Qxg7 24.Ne6 Bxe6 25.Rxe6 f3 26.g3 Rf7 27.Qd3 Nf8 28.Re3 Qf6 29.Qc3 Qxc3
30.Rcxc3 g4 31.h3 h5 32.Bc4 Rf5 33.hxg4 hxg4 34.Be6 Nxe6 35.Rxe6 Rd5 36.Rc2 Rd1+
37.Kh2 Kg7 38.Re7+ Kg6 39.Re6+ Kg7 40.Re7+ Kg6 41.Re6+  1/2-1/2

[Event "CRO-ch06"]
[Site "Pula"]
[Date "1998.01.09"]
[Round "1"]
[White "Franic, Milan"]
[Black "Levacic, Patrick"]
[Result "1-0"]
[WhiteElo "2430"]
[BlackElo "2365"]

1.d4 Nf6 2.c4 g6 3.Nc3 Bg7 4.e4 d6 5.Be2 O-O 6.Nf3 e5 7.O-O Nc6 8.d5 Ne7
9.a4 Nh5 10.g3 f5 11.Ng5 Nf6 12.a5 fxe4 13.a6 bxa6 14.g4 c6 15.Ngxe4 Nxe4
16.Nxe4 cxd5 17.cxd5 Rb8 18.Bc4 h6 19.b3 g5 20.Nxd6 Qxd6 21.Ba3 Rb6 22.Bxd6 Rxd6
23.f3 Ng6 24.Bd3 Nf4 25.Be4 h5 26.Rc1 hxg4 27.fxg4 Bd7 28.Kh1 Bb5 29.Rf2 Rdf6
30.Rc3 Rd8 31.Qc2 Bd7 32.h3 Rh6 33.Rh2 Rd6 34.Rc7 Be6 35.Rc6 Rxd5 36.Rf2 Nxh3
37.Rg2 Rd1+ 38.Kh2 Nf4 39.Rxe6 Nxe6 40.Qc4 R8d6 41.Bf5 Kf7 42.Rf2 Bf6 43.Qc8 R1d4
44.Qb7+ Rd7 45.Qxa6 R4d6 46.Qc4 Ke7 47.Kg3 Rc7 48.Qb4 Ng7 49.Rd2 Nxf5+ 50.gxf5 Rd7
51.Kf3 Bg7 52.Rd5 Bf6 53.Kg4 a5 54.Qc5 e4 55.Kh5 Bg7 56.Kxg5 Bh6+ 57.Kg4 Be3
58.f6+ Kf7 59.Qxd6 Rxd6 60.Rxd6 Kg6 61.Re6 Bd2 62.Rxe4 Kxf6 63.Kf3 Kf5 64.Re8 Kf6
65.Ke2 Kf7 66.Re4 Bb4 67.Kd3 Be7 68.Kc4  1-0

[Event "DEN-chT 9798"]
[Site "Denmark"]
[Date "1998.01.11"]
[Round "4"]
[White "Petersen, Lars"]
[Black "Jepsen, Thomas"]
[Result "1-0"]
[WhiteElo "2060"]
[BlackElo "2115"]

1.d4 Nf6 2.Nf3 g6 3.c4 Bg7 4.Nc3 O-O 5.e4 d6 6.Be2 e5 7.O-O Nc6 8.Be3 Ng4
9.Bg5 Qd7 10.h3 exd4 11.Nd5 Nge5 12.Bf6 Nxf3+ 13.Bxf3 Ne5 14.Qxd4 Kh8 15.Bxg7+ Kxg7
16.Bg4 Qc6 17.Bxc8 Raxc8 18.Ne7 Qxc4 19.Qxc4 Nxc4 20.Nxc8 Rxc8 21.Rac1 b5
22.b3 Na5 23.Rfd1 Nb7 24.e5 c5 25.exd6 Kf6 26.d7 Rd8 27.Rc3 Ke7 28.Re3+ Kf8
29.Re5 a6 30.f4 c4 31.bxc4 bxc4 32.Re4 c3 33.Rc4 Ke7 34.Rxc3 Rxd7 35.Rxd7+ Kxd7
36.Kf2 h5 37.Ke3 Kd6 38.Kd4 Nd8 39.Rc8 Ne6+ 40.Ke4 Nc5+ 41.Rxc5 Kxc5 42.Ke5 f5
43.Kf6  1-0

[Event "Melbourne Black Opal"]
[Site "Melbourne"]
[Date "1998.01.13"]
[Round "2"]
[White "Byrne, Stewart"]
[Black "Canfell, Gregory"]
[Result "1/2-1/2"]
[WhiteElo "2280"]
[BlackElo "2255"]

1.d4 Nf6 2.c4 g6 3.Nc3 Bg7 4.e4 d6 5.Nf3 O-O 6.Be2 e5 7.O-O Nc6 8.d5 Ne7
9.Ne1 Nd7 10.f3 f5 11.Be3 f4 12.Bf2 g5 13.Nb5 b6 14.a4 a6 15.Nc3 a5 16.Nd3 Nf6
17.b4 Ng6 18.bxa5 bxa5 19.c5 h5 20.cxd6 cxd6 21.h3 Rf7 22.Nb2 Bf8 23.Nc4 Rb8
24.Rb1 Rxb1 25.Qxb1 g4 26.Bb6 Qe7 27.Nxa5 gxh3 28.Nc6 Qd7 29.Nb8 Qe7 30.Nc6 Qd7
31.Nb8 Qe7 32.Nc6  1/2-1/2

[Event "CRO-ch06"]
[Site "Pula"]
[Date "1998.01.17"]
[Round "8"]
[White "Cebalo, Miso"]
[Black "Levacic, Patrick"]
[Result "1-0"]
[WhiteElo "2515"]
[BlackElo "2365"]

1.d4 Nf6 2.Nf3 g6 3.c4 Bg7 4.Nc3 d6 5.e4 O-O 6.Be2 e5 7.O-O Nc6 8.Be3 Ng4
9.Bg5 f6 10.Bc1 exd4 11.Nxd4 Nxd4 12.Qxd4 f5 13.Qd1 Nf6 14.exf5 Bxf5 15.Bf3 Rb8
16.Be3 a6 17.Qd2 Qd7 18.Rad1 Bg4 19.Bxg4 Qxg4 20.b3 Qf5 21.Rfe1 Rf7 22.h3 Rbf8
23.f4 Re8 24.Bf2 Ne4 25.Rxe4 Rxe4 26.Nxe4 Qxe4 27.g3 Qf3 28.Re1 Bc3 29.Qe3 Qxe3
30.Rxe3 Bf6 31.Re6 Kg7 32.g4 Rd7 33.Re8 Kf7 34.Rc8 c6 35.Kg2 Ke6 36.Kf3 d5
37.cxd5+ Kxd5 38.Be3 Bd8 39.Bf2 Bf6 40.Re8 c5 41.f5 gxf5 42.gxf5 Re7 43.Rf8 Bd4
44.Bh4 Re3+ 45.Kg4 h5+ 46.Kxh5 Rxh3 47.Kg4 Rh2 48.f6 Bxf6 49.Rxf6 Re2 50.Rb6 Rb2
51.Bg3  1-0

[Event "Hoogovens Blitz"]
[Site "Wijk aan Zee"]
[Date "1998.01.19"]
[Round "4"]
[White "Van Wely, Loek"]
[Black "Shirov, Alexei"]
[Result "1/2-1/2"]
[WhiteElo "2605"]
[BlackElo "2710"]

1.d4 Nf6 2.c4 g6 3.Nc3 Bg7 4.e4 d6 5.Nf3 O-O 6.Be2 e5 7.O-O Nc6 8.d5 Ne7
9.b4 a5 10.Ba3 axb4 11.Bxb4 Nd7 12.a4 Bh6 13.a5 f5 14.Bd3 Nf6 15.c5 fxe4
16.cxd6 cxd6 17.Nxe4 Nxe4 18.Bxe4 Rf4 19.Qb1 Bf5 20.Bxf5 Nxf5 21.Bd2 Rxf3
22.Bxh6 Rc3 23.Bd2 Rc7 24.Ra4 Rf7 25.Bc3 Rc8 26.Ba1 Qg5 27.f4 Qg4 28.Qe4 exf4
29.Qxf4 Qxf4 30.Raxf4 Re7 31.g4 Ne3 32.Rb1 Nxd5 33.Rd4 Ne3 34.Rxd6 Nxg4 35.Rdb6 Rcc7
36.a6 bxa6 37.Rxa6 Ra7 38.Rxa7 Rxa7 39.h3 Nh6 40.Rb8+ Kf7 41.Bd4 Rd7 42.Bf2 Nf5
43.Ra8 Kf6 44.Ra7 Rd1+ 45.Kg2 h5 46.Ra6+ Kg5 47.h4+ Nxh4+ 48.Bxh4+  1/2-1/2

[Event "RUS-Cup02"]
[Site "Moscow"]
[Date "1998.01.21"]
[Round "1"]
[White "Umanskaya, Irina"]
[Black "Dolmatov, Sergey"]
[Result "0-1"]
[WhiteElo "2325"]
[BlackElo "2570"]

1.d4 Nf6 2.c4 g6 3.Nc3 Bg7 4.e4 d6 5.Nf3 O-O 6.Be2 e5 7.O-O Nc6 8.d5 Ne7
9.b4 a5 10.bxa5 c5 11.Nd2 Rxa5 12.a4 Ra6 13.Bb2 Nd7 14.Nb5 f5 15.exf5 gxf5
16.f4 Ng6 17.fxe5 Ndxe5 18.Qb3 f4 19.Nf3 Bf5 20.Bc3 Qd7 21.Rfe1 Raa8 22.a5 Nxf3+
23.Bxf3 Ne5 24.Ra2 Rae8 25.a6 bxa6 26.Rxa6 Nxf3+ 27.gxf3 Rxe1+ 28.Bxe1 Qe7
29.Qd1 Rf6 30.Ra8+ Bf8 31.Ra2 Bh3 32.Qe2 Rg6+ 33.Kh1 Bg2+  0-1

[Event "AUT-chT 9798"]
[Site "Austria"]
[Date "1998.01.24"]
[Round "7"]
[White "Stanec, Nikolaus"]
[Black "Poldauf, Dirk"]
[Result "0-1"]
[WhiteElo "2485"]
[BlackElo "2445"]

1.d4 Nf6 2.c4 g6 3.Nc3 Bg7 4.e4 d6 5.Be2 O-O 6.Nf3 e5 7.O-O Nc6 8.Be3 Ng4
9.Bg5 Qe8 10.dxe5 h6 11.Bd2 dxe5 12.h3 Nf6 13.Be3 Qe7 14.Nd5 Qd8 15.Nxf6+ Qxf6
16.c5 Nb8 17.Qc1 Kh7 18.Rd1 Nc6 19.Rd3 Qe7 20.Rd1 f5 21.Bf1 f4 22.Bd2 g5
23.Be2 h5 24.h4 gxh4 25.Kh2 Nd4 26.Nxd4 exd4 27.e5 f3 28.Bd3+ Bf5 29.Bxf5+ Rxf5
30.Qc2 Qxe5+ 31.Kg1 Qxc5 32.Qd3 Qb5 33.Qc2 fxg2 34.Re1 Rf8 35.Re7 Kh8 36.f4 Bf6
37.Rxc7 d3 38.Qb3 Qxb3 39.axb3 h3 40.Kh2 Bxb2 41.Re1 Bd4 42.Rxb7 Rg8  0-1

[Event "DEN-chT 9798"]
[Site "Denmark"]
[Date "1998.02.01"]
[Round "5"]
[White "Bang, Andreas"]
[Black "Larsen, Karsten"]
[Result "1-0"]
[WhiteElo "2280"]
[BlackElo "2175"]

1.Nf3 Nf6 2.c4 g6 3.Nc3 Bg7 4.e4 d6 5.d4 O-O 6.Be2 e5 7.O-O Nc6 8.d5 Ne7
9.Kh1 Nd7 10.g4 Nc5 11.Ng1 f5 12.f3 f4 13.b4 Nd7 14.Bd2 Rf7 15.Nh3 h6 16.Nf2 Kh8
17.g5 hxg5 18.Rg1 Ng8 19.Bf1 Bf8 20.Bh3 Rh7 21.Rg2 Be7 22.a4 a6 23.a5 Qf8
24.Qe2 Rh4 25.Ncd1 Qh6 26.Be6 Ndf6 27.Bxc8 Rxc8 28.Be1 Rh5 29.Ra3 Qf8 30.Rb3 Nh6
31.b5 Qe8 32.bxa6 bxa6 33.c5 Nd7 34.c6 Nc5 35.Rb1 Rb8 36.Qc2 Qc8 37.Bb4 Rh4
38.Bxc5 dxc5 39.Rxb8 Qxb8 40.Qb2 Qxb2 41.Nxb2 Nf7 42.Nc4 Kg7 43.Ng4 Rh8 44.Ngxe5 Nxe5
45.Nxe5 Rb8 46.Nc4 Rb3 47.d6 Bd8 48.dxc7 Bxc7 49.Rd2 g4 50.Rd7+ Kh6 51.Rxc7 gxf3
52.Kg1  1-0

[Event "CZE-chT 9798"]
[Site "CZE"]
[Date "1998.02.08"]
[Round "7"]
[White "Ftacnik, Lubomir"]
[Black "Gross, David"]
[Result "1-0"]
[WhiteElo "2580"]
[BlackElo "2425"]

1.d4 Nf6 2.Nf3 g6 3.c4 Bg7 4.Nc3 O-O 5.e4 d6 6.Be2 e5 7.O-O Nc6 8.d5 Ne7
9.Nd2 Nd7 10.b4 f5 11.c5 Nf6 12.f3 f4 13.Nc4 g5 14.a4 Ng6 15.Ba3 Rf7 16.b5 Bf8
17.b6 cxb6 18.cxd6 Ne8 19.Nb5 Bd7 20.Qb3 Bxb5 21.axb5 Nxd6 22.Rfc1 h5 23.Rc2 Kh7
24.Rca2 Rg7 25.Bxd6 Bxd6 26.Rxa7 Rxa7 27.Rxa7 Bc5+ 28.Kh1 g4 29.fxg4 Qh4
30.Qd1 Qf2 31.Qf1 Qxf1+ 32.Bxf1 hxg4 33.Ra8 g3 34.Re8 f3 35.Nxe5 Nh4 36.Nxf3 Nxf3
37.gxf3 gxh2 38.Kxh2 Bg1+ 39.Kh1 Be3 40.Bh3 Rc7 41.Bf5+ Kh6 42.d6 Rc1+ 43.Kg2 Rg1+
44.Kh2 Rd1 45.d7 Bg5 46.Kg3 Rg1+ 47.Kf2 Rd1 48.f4 Bh4+ 49.Ke2 Rd4 50.Rh8+  1-0

[Event "Szeged TT02 IM"]
[Site "Szeged"]
[Date "1998.02.21"]
[Round "3"]
[White "Lipinsky, Fabian"]
[Black "Komora, Andrej"]
[Result "1-0"]
[WhiteElo "2395"]
[BlackElo "2290"]

1.d4 Nf6 2.c4 g6 3.Nc3 Bg7 4.e4 d6 5.Nf3 O-O 6.Be2 e5 7.O-O Nc6 8.d5 Ne7
9.b4 a5 10.Ba3 axb4 11.Bxb4 Nd7 12.a4 f5 13.Nd2 Nf6 14.c5 dxc5 15.Bxc5 fxe4
16.Qb3 Kh8 17.Ndxe4 Nxe4 18.Nxe4 Rf4 19.f3 Nxd5 20.Rfd1 c6 21.Bc4 Qc7 22.g3 Rf5
23.Bxd5 cxd5 24.Qxd5 h6 25.Rac1 Kh7 26.Nd6 Rh5 27.g4 Bxg4 28.fxg4 Rg5 29.h3 Rxa4
30.Ne4 Ra5 31.Qd6 Qf7 32.Nxg5+ hxg5 33.Bf2 e4 34.Rc7 Qf3 35.Qd7 Qf6 36.Bd4 Rd5
37.Qxg7+ Qxg7 38.Rxg7+ Kh6 39.Rg8  1-0

[Event "Oberliga Wuert9798"]
[Site "Wuerttemberg"]
[Date "1998.03.01"]
[Round "8"]
[White "Raedeker, Bernd"]
[Black "Gritsch, Gabriel"]
[Result "0-1"]
[WhiteElo "2225"]
[BlackElo "2050"]

1.Nf3 Nf6 2.d4 g6 3.c4 Bg7 4.Nc3 O-O 5.e4 d6 6.Be2 e5 7.O-O Nc6 8.d5 Ne7
9.b4 a5 10.Ba3 Nd7 11.Re1 Bh6 12.Nd2 f5 13.bxa5 Rxa5 14.Bb4 Ra8 15.Nb3 Nf6
16.exf5 gxf5 17.c5 Ng6 18.cxd6 cxd6 19.Nb5 Ne8 20.Bf1 Kg7 21.a3 Rf6 22.g3 Bd7
23.Ra2 Nh8 24.Kh1 Nf7 25.Nc3 Bg5 26.Ne2 Rg6 27.Ng1 h5 28.f4 exf4 29.gxf4 Bxf4
30.Nh3 Be5 31.Nd4 Nc7 32.Nf3 Qf6 33.Nxe5 dxe5 34.Nf4 exf4 35.Bc4 Nd6 36.Qf3 Kh6
37.Qxf4+ Kh7 38.Rae2 Re8 39.Rxe8 Ncxe8 40.Be2 Qg5 41.Qxg5 Rxg5 42.h4 Rg7
43.Bxh5 Ne4 44.Bf3 N8f6 45.Rc1 Nxd5  0-1

[Event "JUG-ch53"]
[Site "Belgrade "]
[Date "1998.03.19"]
[Round "6"]
[White "Gligoric, Svetozar"]
[Black "Popovic, Petar"]
[Result "1/2-1/2"]
[WhiteElo "2480"]
[BlackElo "2525"]

1.d4 Nf6 2.c4 g6 3.Nc3 Bg7 4.e4 d6 5.Nf3 O-O 6.Be2 e5 7.O-O Nc6 8.d5 Ne7
9.b4 Nh5 10.Re1 c6 11.Nd2 Nf4 12.Bf1 h5 13.Rb1 h4 14.Rb3 cxd5 15.cxd5 f5
16.Nc4 a6 17.a4 fxe4 18.Nxe4 Nf5 19.Ra3 h3 20.g3 Ng2 21.Bxg2 hxg2 22.a5 Nd4
23.Nb6 Rb8 24.Bg5 Qc7 25.Rc3 Qf7 26.Kxg2 Nb5 27.Rxc8 Rbxc8 28.Nxc8 Rxc8 29.Be3 Rc4
30.Ng5 Qf5 31.h3 Rxb4 32.g4 Qc8 33.Qf3 Qf8 34.Rc1 Qxf3+ 35.Kxf3 Bf6 36.Rc8+ Kg7
37.Ne6+ Kf7 38.Rf8+ Ke7 39.g5 e4+ 40.Kg2 Be5 41.Bb6 Nc3 42.Bd8+ Kd7 43.Rf7+ Kc8
44.Rc7+ Kb8 45.Nf8 Nxd5 46.Nd7+ Ka7 47.Rc1 Bd4 48.h4 Rb2 49.Bb6+ Nxb6 50.axb6+ Bxb6
51.Nxb6 Kxb6 52.Kg3 Rb3+ 53.Kg4 Rf3 54.Rc2 a5 55.h5 gxh5+ 56.Kxh5 Rh3+ 57.Kg4 Rh2
58.Kg3 Rh1 59.Kf4 Rg1 60.Kf5 Rg2 61.Re2 e3 62.Rxe3 Rxf2+ 63.Ke6 Rg2 64.Kf6 a4
65.g6 Kc5 66.g7 b5 67.Re8 b4 68.Ra8 Rxg7 69.Kxg7 a3 70.Kf6 Kc4 71.Ke6 b3
72.Ra4+  1/2-1/2

[Event "Jagodina"]
[Site "Jagodina"]
[Date "1998.03.28"]
[Round "6"]
[White "Antic, Dejan"]
[Black "Dimitrov, Vladimir"]
[Result "1/2-1/2"]
[WhiteElo "2460"]
[BlackElo "2450"]

1.d4 Nf6 2.c4 g6 3.Nc3 Bg7 4.e4 d6 5.Nf3 O-O 6.Be2 e5 7.O-O Nc6 8.d5 Ne7
9.b4 a5 10.Ba3 axb4 11.Bxb4 Nd7 12.a4 f5 13.Nd2 Bh6 14.Nb3  1/2-1/2

[Event "Jagodina"]
[Site "Jagodina"]
[Date "1998.03.28"]
[Round "6"]
[White "Nestorovic, Dejan"]
[Black "Nesic, Nebojsa"]
[Result "1-0"]
[WhiteElo "2375"]
[BlackElo "2235"]

1.d4 Nf6 2.c4 g6 3.Nc3 Bg7 4.e4 O-O 5.Nf3 d6 6.Be2 e5 7.O-O Nc6 8.d5 Ne7
9.b4 a5 10.bxa5 Rxa5 11.Nd2 c5 12.dxc6 Nxc6 13.Nb3 Ra8 14.Be3 Be6 15.f3 Nh5
16.Rf2 Nf4 17.Bf1 Na5 18.Nxa5 Qxa5 19.Qb3 Rfc8 20.a4 Qa6 21.Nd5 Bxd5 22.cxd5 Qa5
23.Bd2 Qa7 24.g3 Nh5 25.Bh3 Rc7 26.a5 Qd4 27.Ra4 Qc5 28.Bf1 Qc2 29.Qxc2 Rxc2
30.Bd3 Rb2 31.Rb4 Rxb4 32.Bxb4 Bf8 33.Rc2 Nf6 34.Rc7 Rb8 35.Bb5 Kg7 36.g4 h6
37.h4 h5 38.g5 Ng8 39.Rd7 Be7 40.Rxe7 Nxe7 41.Bxd6 Ra8 42.Bxe7  1-0

[Event "Jagodina"]
[Site "Jagodina"]
[Date "1998.03.31"]
[Round "9"]
[White "Nesic, Nebojsa"]
[Black "Antic, Dejan"]
[Result "0-1"]
[WhiteElo "2235"]
[BlackElo "2460"]

1.d4 Nf6 2.c4 g6 3.Nc3 Bg7 4.e4 d6 5.Nf3 O-O 6.Be2 e5 7.O-O Nc6 8.d5 Ne7
9.b4 Nh5 10.Re1 Nf4 11.Bf1 a5 12.bxa5 Rxa5 13.Nd2 c5 14.Nb3 Ra6 15.a4 h6
16.a5 f5 17.f3 g5 18.Na4 Bd7 19.g3 Nh5 20.Be3 Nf6 21.Bg2 g4 22.fxg4 Nxg4
23.Bd2 fxe4 24.Bxe4 Nf2 25.Qh5 Nxe4 26.Rxe4 Bf5 27.Re2 Bd3 28.Rf2 Rxf2 29.Kxf2 Bxc4
30.Rb1 Bxd5  0-1

[Event "FRA-chT"]
[Site "FRA"]
[Date "1998.04.02"]
[Round "4"]
[White "Solozhenkin, Evgeniy"]
[Black "Boyd, Stephen"]
[Result "1-0"]
[WhiteElo "2500"]
[BlackElo "2355"]

1.d4 Nf6 2.c4 g6 3.Nc3 Bg7 4.e4 d6 5.Nf3 O-O 6.Be2 e5 7.O-O Nc6 8.d5 Ne7
9.Bg5 Nh5 10.Ne1 Nf4 11.Nd3 Nxd3 12.Qxd3 f6 13.Be3 f5 14.f3 f4 15.Bf2 g5
16.c5 Ng6 17.cxd6 cxd6 18.Nb5 a6 19.Qa3 Rf6 20.Rac1 Rb8 21.Nc7 Bd7 22.Qb3 b5
23.Nxa6 Rb7 24.Rc2 h5 25.h3 Bh6 26.Rfc1 g4 27.Rc7 g3 28.Rxb7 gxf2+ 29.Kf1 Nf8
30.Bxb5 Bxh3 31.gxh3 Rg6 32.Ke2 Rg1 33.Rf1 Qa5 34.Nb4 Bg5 35.Qa4 Qd8 36.Qc2 Bh4
37.Qc7 Qf6 38.Be8 Rxf1 39.Qf7+ Qxf7 40.Bxf7+  1-0

[Event "FRA-chT"]
[Site "FRA"]
[Date "1998.04.03"]
[Round "5"]
[White "Ikonnikov, Vyacheslav"]
[Black "Tirard, Hugo"]
[Result "1-0"]
[WhiteElo "2550"]
[BlackElo "2380"]

1.d4 Nf6 2.Nf3 g6 3.c4 Bg7 4.Nc3 O-O 5.e4 d6 6.Be2 e5 7.O-O Nc6 8.d5 Ne7
9.Ne1 Nd7 10.Be3 f5 11.f3 f4 12.Bf2 g5 13.a4 Ng6 14.a5 Nf6 15.c5 Rf7 16.cxd6 cxd6
17.Nb5 g4 18.Nxa7 Rxa7 19.Bxa7 g3 20.Bb6 Qf8 21.Rc1 gxh2+ 22.Kxh2 Nh5 23.Rxc8 Qxc8
24.Qc2 Qf8 25.Nd3 Bf6 26.Nf2 Ng3 27.Rc1 Qh6+ 28.Nh3 Nf8 29.Bb5 Rg7 30.Be8 Re7
31.Qa4 Ne2 32.Rc8 Rg7 33.Bd7 Be7 34.Be6+ Kh8 35.Qe8 Qf6 36.Bd8  1-0

[Event "FRA-chT"]
[Site "FRA"]
[Date "1998.04.04"]
[Round "6"]
[White "Sellos, Didier"]
[Black "Degraeve, Jean Marc"]
[Result "1/2-1/2"]
[WhiteElo "2405"]
[BlackElo "2525"]

1.d4 Nf6 2.c4 g6 3.Nc3 Bg7 4.e4 d6 5.Nf3 O-O 6.Be2 e5 7.O-O Nc6 8.Be3 exd4
9.Nxd4 Re8 10.f3 Nh5 11.f4 Nf6 12.Bf3 Bg4 13.Nxc6 Bxf3 14.Qxf3 bxc6 15.Rae1 Rb8
16.b3 Ng4 17.Bd2 Bd4+ 18.Kh1 Qh4 19.h3 Nf6 20.Kh2 Nd7 21.Ne2 Bg7 22.Bc3 Bxc3
23.Nxc3 Qf6 24.Re3 Re6 25.Qe2 Rbe8 26.b4 Qg7 27.Qd3 a5 28.a3 axb4 29.axb4 Ra8
30.b5 Nc5 31.Qd2 cxb5 32.Nxb5 Rc8 33.e5 dxe5 34.Nxc7 exf4 35.Ref3 Re4 36.Rxf4 Qe5
37.Nd5 g5 38.Nf6+ Kh8 39.Ng4 Rxf4 40.Nxe5 Rxf1 41.Qxg5 Ne6 42.Qe3 Rf4 43.Nxf7+ Rxf7
44.Qxe6  1/2-1/2

[Event "FRA-chT"]
[Site "FRA"]
[Date "1998.04.05"]
[Round "7"]
[White "Solozhenkin, Evgeniy"]
[Black "Gachon, Lionel"]
[Result "1/2-1/2"]
[WhiteElo "2500"]
[BlackElo "2315"]

1.d4 Nf6 2.c4 g6 3.Nc3 Bg7 4.e4 d6 5.Nf3 O-O 6.Be2 e5 7.O-O Nc6 8.d5 Ne7
9.Bg5 Kh8 10.Ne1 Nfg8 11.Nd3 f5 12.f3 c6 13.Qd2 Nf6 14.Rfd1 cxd5 15.cxd5 Bd7
16.a4 a6 17.Nf2 f4 18.Rdc1 h6 19.Bxf6 Bxf6 20.Ncd1 Qb8 21.Qb4 Nc8 22.Ra3 a5
23.Qb3 Na7 24.Nc3 Rc8 25.Raa1 Bd8 26.Kf1 Qc7 27.Nfd1  1/2-1/2

[Event "Frohnleiten"]
[Site "Frohnleiten"]
[Date "1998.04.05"]
[Round "3"]
[White "Tratar, Marko"]
[Black "Freitag, Manfred"]
[Result "0-1"]
[WhiteElo "2420"]
[BlackElo "2385"]

1.Nf3 Nf6 2.c4 g6 3.Nc3 Bg7 4.e4 d6 5.d4 O-O 6.Be2 e5 7.O-O Nc6 8.d5 Ne7
9.Nd2 a5 10.a3 Nd7 11.Rb1 f5 12.b4 Kh8 13.f3 f4 14.Nb5 g5 15.Qc2 axb4 16.axb4 Nf6
17.c5 Ne8 18.Bb2 h5 19.Ra1 Rb8 20.Na7 Bd7 21.b5 dxc5 22.Qxc5 Ng6 23.b6 g4
24.bxc7 Nxc7 25.Rfc1 Na6 26.Qa5 Qg5 27.Bb5 Bxb5 28.Qxb5 Ra8 29.Qxb7 Rab8
30.Qxa6 Rxb2 31.Qe2 Nh4 32.Kh1 Ra8 33.Nc6 Rxa1 34.Rxa1 Bf8 35.Rb1 gxf3 36.gxf3 Rxb1+
37.Nxb1 Bc5 38.Qf1 Nxf3 39.Qg2 Qg4 40.h3 Qh4 41.Nd2 Nxd2 42.Nxe5 Qe1+ 43.Kh2 Nf1+
44.Kh1 Ne3+  0-1

[Event "St Petersburg-ch"]
[Site "St Petersburg"]
[Date "1998.04.07"]
[Round "1"]
[White "Ivanov, Sergey"]
[Black "Loginov, Valery A"]
[Result "1/2-1/2"]
[WhiteElo "2570"]
[BlackElo "2500"]

1.d4 Nf6 2.c4 g6 3.Nc3 Bg7 4.e4 d6 5.Be2 O-O 6.Nf3 e5 7.O-O Nc6 8.d5 Ne7
9.b4 Nh5 10.Re1 Nf4 11.Bf1 a5 12.bxa5 c5 13.a4 h6 14.Nb5 g5 15.g3 Nfg6 16.Nd2 Kh8
17.Ra3 Ng8 18.Bd3 N6e7 19.Bb2 Rxa5 20.Be2 f5 21.exf5 Nxf5 22.Ne4 Nf6 23.Bf3 Ra6
24.Bg2 Nd4 25.Bxd4 exd4 26.Nxf6 Rxf6 27.Qh5 Bd7 28.Bh3 Ra8 29.Bxd7 Qxd7 30.Ra2 Raf8
31.Rae2 Qf5 32.Nc7 d3 33.Rd2 Qf3 34.Qxf3 Rxf3 35.Re3 Bd4  1/2-1/2

[Event "Neckar op 2nd"]
[Site "Deizisau"]
[Date "1998.04.08"]
[Round "4"]
[White "Essing, Arnold"]
[Black "Kupreichik, Viktor D"]
[Result "0-1"]
[WhiteElo "2290"]
[BlackElo "2505"]

1.d4 Nf6 2.Nf3 g6 3.c4 Bg7 4.Nc3 O-O 5.e4 d6 6.Be2 e5 7.O-O Nc6 8.d5 Ne7
9.Ne1 Ne8 10.f3 f5 11.g4 Kh8 12.Nd3 Ng8 13.Kg2 a6 14.h3 Bd7 15.a4 c6 16.Bd2 Nc7
17.b3 Qh4 18.Qe1 Qe7 19.Rh1 b5 20.dxc6 Bxc6 21.Nb4 Bb7 22.Ncd5 Nxd5 23.cxd5 fxe4
24.fxe4 Nf6 25.Bf3 bxa4 26.bxa4 Nd7 27.Nd3 Nb6 28.Nb2 Nxd5 29.exd5 e4 30.Qxe4 Qxe4
31.Bxe4 Rae8 32.Rhe1 Rxe4 33.Rxe4 Bxd5 34.Re1 Bxb2 35.Kg3 Bxe4 36.Rxe4 Be5+
37.Kg2 Kg7 38.Rc4 d5 39.Rc5 Bd4 40.Rc7+ Kg8 41.Bh6 Rf2+ 42.Kg3 Be5+ 43.Kxf2 Bxc7
44.Ke3 Kf7 45.Kd4 Ke6 46.Bg7 Bf4 47.Bh8 Kd6 48.Bg7 Kc6 49.Bf8 Bd6 50.Bg7 Bb4
51.Bf6 Bf8 52.Kc3 Kd6 53.Kd4 Ke6 54.Bh8 Bh6 55.Kd3 Bg5 56.Kd4 Bh4 57.Bg7 Bd8
58.Bh8 Kd6 59.Bg7 Kc6 60.Kd3 Kb6 61.Kd4 Ka5 62.Kxd5 Kxa4 63.Kc4 Ka3 64.Kc3 a5
65.Be5 Bg5 66.Bg3 Bf6+ 67.Kc2  0-1

[Event "AUT-ch U18 Girls"]
[Site "Koestendorf"]
[Date "1998.04.08"]
[Round "5.1"]
[White "Archan, Dagmar"]
[Black "Schrank, Manuela"]
[Result "1-0"]
[WhiteElo "1688"]
[BlackElo "1700"]

1.d4 Nf6 2.Nf3 g6 3.c4 Bg7 4.Nc3 O-O 5.e4 d6 6.Be2 e5 7.O-O Nc6 8.d5 Ne7
9.Ne1 Ne8 10.f3 f5 11.Be3 f4 12.Bf2 g5 13.Nd3 Nf6 14.Rc1 Ng6 15.c5 Rf7 16.Rc2 h5
17.Qc1 a6 18.Na4 Bd7 19.b3 Ne8 20.cxd6 cxd6 21.Nb6 Rb8 22.a4 Bf8 23.Nb2 Rg7
24.b4 g4 25.b5 axb5 26.Nxd7 Qxd7 27.Bxb5 Qd8 28.Be1 Qg5 29.Qd1 Nf6 30.Be2 Nh4
31.Bxh4 Qxh4 32.Qe1 Qg5 33.Kh1 h4 34.fxg4 Nxg4 35.Bxg4 Qxg4 36.Qc3 Kh8 37.a5 Re8
38.Na4 Be7 39.Qb2 Bd8 40.Nb6 Reg8 41.Qb3 Rc7 42.Nc4 Qg6 43.Qf3 Rc5 44.Nxe5 Qh7
45.Rxc5 dxc5 46.Nc4 Rf8 47.Qc3+ Kg8 48.e5 Qe4 49.Nd2 Qxd5 50.Qc4 Qxc4 51.Nxc4 Rf7
52.h3 Bc7 53.Rb1 Bb8 54.a6 Re7 55.axb7 Kg7 56.Rb5 Rc7 57.Kg1 Kf7 58.Kf2 Ke6
59.Ke2 Kd5 60.Kd3 Kc6 61.Rb1 Kd5 62.Rf1 Rxb7 63.Rxf4  1-0